Statistics for Five Closest Countries by Country #2

Click here to take the quiz!

General Stats

  • This quiz has been taken 82,404 times
    (66,554 since last reset)
  • The average score is 31 of 38

Answer Stats

Starting Country # Answer % Correct
South Korea0North Korea
100%
South Korea187China
99%
Ireland0United Kingdom
99%
South Korea30Japan
98%
St. Lucia, Ireland, Tunisia21, 257, 274France
97%
Uruguay0Brazil
96%
Uruguay0Argentina
95%
Uruguay196Paraguay
94%
Uruguay659Chile
93%
Singapore6Indonesia
91%
Ireland411Netherlands
91%
Tunisia0Algeria
91%
Singapore1Malaysia
90%
Ireland385Belgium
90%
Bahrain10Saudi Arabia
89%
Tunisia0Libya
89%
Cape Verde476Morocco
88%
Uruguay640Bolivia
88%
South Korea291Russia
87%
Bahrain129United Arab Emirates
85%
Singapore328Thailand
85%
Bahrain1Qatar
84%
Ireland512Germany
83%
Singapore495Vietnam
82%
South Korea616Taiwan
82%
Bahrain114Iran
81%
Bahrain205Kuwait
79%
Tunisia43Italy
79%
Singapore597Cambodia
76%
Cape Verde355Senegal
70%
Tunisia184Malta
68%
Cape Verde416Mauritania
66%
St. Lucia26St. Vincent
and the Grenadines
65%
Cape Verde437Gambia
63%
St. Lucia91Barbados
62%
St. Lucia82Dominica
58%
St. Lucia111Grenada
57%
Cape Verde482Guinea-Bissau
51%

Score Distribution

Percentile by Number Answered

Percent of People with Each Score

Your Score History

You have not taken this quiz since the last reset